| 000 | 00401nam a2200145Ia 4500 | ||
|---|---|---|---|
| 008 | 211109s9999||||xx |||||||||||||| ||und|| | ||
| 082 |
_a821 _bPER-P |
||
| 100 | _aPersy Byssfe, Shelly | ||
| 245 | 0 | _aPoems Of. Ed By Thomas Hutchinson | |
| 260 |
_bNATIONAL BOOKSTALL _aKottayam _c1919 |
||
| 300 | _a912p | ||
| 630 | _xGeneral Stack | ||
| 650 |
_aEnglish Litertaure _vEnglish Poetry _xEnglish |
||
| 942 | _cBOOK | ||
| 999 |
_c375 _d375 |
||